15 χρόνια Θεσσαλικό Θέατρο
Αποθηκεύτηκε σε:
| Συγγραφή απο Οργανισμό/Αρχή: | |
|---|---|
| Άλλοι συγγραφείς: | |
| Μορφή: | Βιβλίο |
| Γλώσσα: | Greek |
| Δημοσίευση: |
Λάρισα :
ΔΗ.ΠΕ.ΘΕ. Λάρισας,
1991
|
| Θέματα: | |
| Ετικέτες: |
Προσθήκη ετικέτας
Δεν υπάρχουν, Καταχωρήστε ετικέτα πρώτοι!
|
MARC
| LEADER | 00000cam a2200000 i 4500 | ||
|---|---|---|---|
| 001 | 1/8570 | ||
| 008 | 000701s1991 gr ||||||| |||| ||gre|| | ||
| 035 | |l 10062723 | ||
| 040 | |a GR-MY-UA |b gre |e aacr | ||
| 041 | 0 | |a gre | |
| 082 | 7 | |a 792 |2 (22) | |
| 110 | 2 | |a Θεσσαλικό Θέατρο. | |
| 245 | 1 | 0 | |a 15 χρόνια Θεσσαλικό Θέατρο / |c ΔΗ.ΠΕ.ΘΕ. Λάρισας. |
| 246 | 1 | |i Άλλη παραλλαγή του τίτλου: |a Δεκαπέντε χρόνια Θεσσαλικό Θέατρο. | |
| 260 | |a Λάρισα : |b ΔΗ.ΠΕ.ΘΕ. Λάρισας, |c 1991 | ||
| 300 | |a 278 σ. : |b έγχρ. εικ. ; |c 30 εκ. | ||
| 505 | 0 | |a Πρώτη περίοδος 1975-1983, Θεσσαλική Πνευματική Πορεία Θεσσαλικό Θέατρο. Καλλιτεχνική διεύθυνση Άννα Βαγενά - Δεύτερη περίοδος 1983-1991, Δημοτικό Περιφερειακό Θέατρο Λάρισας Θεσσαλικό Θέατρο. Καλλιτεχνική διεύθυνση Κώστας Τσιάνος. | |
| 650 | 0 | |a Theater |z Greece |z Thessaly. | |
| 700 | 1 | |a Βαγενά, Άννα, |e adif | |
| 700 | 1 | |a Τσιάνος, Κώστας, |e adi | |
| 852 | |a INST |b RHODES |e 20000701 |h 792 ΘΕΣ |p 005400000380 |q 005400000380 |t BK |y 0 | ||
| 909 | |a Ρ |b 027380 | ||
| 970 | |z 2000/06/ΔΕΜΕΝΑΓΑΣ (ELIDOC) | ||